000
00344nam a2200145Ia 4500
008
231011s9999 xx 000 0 und d
041
_a
eng
082
_a
820
100
_a
Lorenz Patrica
245
_a
The 5 Things We Need to be Happy
250
_a
1st
260
_b
Jaico Publishing House,Mumbai -
_c
2011
300
_a
227
365
_b
200
999
_c
899683
_d
899683